5500 câu giao tiếp tiếng Hàn thông dụng : Học tiếng Hàn hiệu quả mọi lúc mọi nơi

Nội dung sách gồm những kiến thức cơ bản, đàm thoại, cách diễn đạt tương tự...trong đó các mẫu câu được rút ra từ những tình huống thực tế, dễ tiếp thu và dễ sử dụng.

Gorde:
Xehetasun bibliografikoak
Egile nagusia: Park, Jung Woon
Formatua: Liburua
Hizkuntza:Undetermined
Argitaratua: Hà Nội Từ điển Bách Khoa 2014
Gaiak:
Etiketak: Etiketa erantsi
Etiketarik gabe, Izan zaitez lehena erregistro honi etiketa jartzen!
Thư viện lưu trữ: Trung tâm Học liệu Trường Đại học Cần Thơ
LEADER 01002nam a2200229Ia 4500
001 CTU_197258
008 210402s9999 xx 000 0 und d
020 |c 69000 
082 |a 495.7 
082 |b P235 
100 |a Park, Jung Woon 
245 0 |a 5500 câu giao tiếp tiếng Hàn thông dụng : 
245 0 |b Học tiếng Hàn hiệu quả mọi lúc mọi nơi 
245 0 |c Park Jung Woon ; Tri Thức Việt 
260 |a Hà Nội 
260 |b Từ điển Bách Khoa 
260 |c 2014 
520 |a Nội dung sách gồm những kiến thức cơ bản, đàm thoại, cách diễn đạt tương tự...trong đó các mẫu câu được rút ra từ những tình huống thực tế, dễ tiếp thu và dễ sử dụng. 
650 |a Korean language,Tiếng Hàn 
650 |x Study and teaching,Dạy và học 
904 |i Tuyến 
980 |a Trung tâm Học liệu Trường Đại học Cần Thơ